Turbulence (Record no. 5373)

000 -LEADER
fixed length control field 00511nam a2200205 i 4500
001 - CONTROL NUMBER
control field 5373
003 - CONTROL NUMBER IDENTIFIER
control field BD-DhUET
008 - FIXED-LENGTH DATA ELEMENTS--GENERAL INFORMATION
fixed length control field 750220s1975 nyua b 001 0 eng
020 ## - INTERNATIONAL STANDARD BOOK NUMBER
International Standard Book Number 0070290377
040 ## - CATALOGING SOURCE
Original cataloging agency DLC
Transcribing agency DLC
Modifying agency BD-DhUET
082 00 - DEWEY DECIMAL CLASSIFICATION NUMBER
Classification number 532.56
Item number HIN/1975
100 1# - MAIN ENTRY--PERSONAL NAME
Personal name Hinze, J. O.
245 00 - TITLE STATEMENT
Title Turbulence
250 ## - EDITION STATEMENT
Edition statement 2nd ed.
260 ## - PUBLICATION, DISTRIBUTION, ETC. (IMPRINT)
Place of publication, distribution, etc. New York
Name of publisher, distributor, etc. McGraw-Hill
Date of publication, distribution, etc. 1975
300 ## - PHYSICAL DESCRIPTION
Extent x,790p.
Other physical details ill.
Dimensions 24 cm.
490 0# - SERIES STATEMENT
Series statement McGraw-Hill series in mechanical engineering
650 #0 - SUBJECT ADDED ENTRY--TOPICAL TERM
Topical term or geographic name as entry element Turbulence
942 ## - ADDED ENTRY ELEMENTS (KOHA)
Koha item type General Book
Holdings
Withdrawn status Shelving location Not for loan Koha date last borrowed Koha full call number Sublocation or collection (holding branch) Piece designation (barcode) Lost status Koha issues (times borrowed) Location (home branch) Source of classification or shelving scheme Price effective from Damaged status Date acquired Koha normalized classification for sorting Koha date last seen Koha item type Copy number
 Circulation section  532.56/HIN/1975Central Library, BUET63813  Central Library, BUET 2014-11-26 2014-11-26532_560000000000000_HIN_19752014-11-26General Book1
 Circulation section  532.56/HIN/1975Central Library, BUET63816  Central Library, BUET 2014-11-26 2014-11-26532_560000000000000_HIN_19752014-11-26General Book2
 Circulation section  532.56/HIN/1975Central Library, BUET44334  Central Library, BUET 2014-12-07 2014-12-07532_560000000000000_HIN_19752014-12-07General Book3
 Circulation section  532.56/HIN/1975Central Library, BUET63807  Central Library, BUET 2014-12-07 2014-12-07532_560000000000000_HIN_19752014-12-07General Book4
 Circulation section 2015-03-25532.56/HIN/1975Central Library, BUET63812 1Central Library, BUET 2014-12-07 2014-12-07532_560000000000000_HIN_19752015-03-29General Book5
 Circulation section  532.56/HIN/1975Central Library, BUET63805  Central Library, BUET 2014-12-07 2014-12-07532_560000000000000_HIN_19752014-12-07General Book6
 Circulation section  532.56/HIN/1975Central Library, BUET63810  Central Library, BUET 2014-12-07 2014-12-07532_560000000000000_HIN_19752014-12-07General Book7
 Circulation section  532.56/HIN/1975Central Library, BUET63808  Central Library, BUET 2014-12-07 2014-12-07532_560000000000000_HIN_19752014-12-07General Book8
 Circulation section  532.56/HIN/1975Central Library, BUET63809  Central Library, BUET 2014-12-07 2014-12-07532_560000000000000_HIN_19752014-12-07General Book9
 Circulation section 2022-11-14532.56/HIN/1975Central Library, BUET63806 1Central Library, BUET 2014-12-07 2014-12-07532_560000000000000_HIN_19752023-02-28General Book10
 Circulation section 2015-05-26532.56/HIN/1975Central Library, BUET63815 1Central Library, BUET 2014-12-07 2014-12-07532_560000000000000_HIN_19752015-09-14General Book11
 Circulation section  532.56/HIN/1975Central Library, BUET39158  Central Library, BUET 2015-03-09 2015-03-09532_560000000000000_HIN_19752015-03-09General Book12
 Reading section  532.56/HIN/1975Central Library, BUET58968  Central Library, BUET 2015-06-07 2015-06-07532_560000000000000_HIN_19752015-06-07Reading Item13
 Reading section  532.56/HIN/1975Central Library, BUET60653  Central Library, BUET 2015-06-07 2015-06-07532_560000000000000_HIN_19752015-06-07Reading Item14
 Reading section  532.56/HIN/1975Central Library, BUET52729  Central Library, BUET 2015-06-23 2015-06-23532_560000000000000_HIN_19752015-06-23Reading Item15
 Circulation section 2024-11-27532.56 HIN/1975Central Library, BUET63811 1Central Library, BUET 2024-11-16 1985-06-29532_560000000000000_HIN_19752024-11-27General Book16
    532.56 HIN/1975Central Library, BUET   Central Library, BUET 2024-11-16 2024-11-16532_560000000000000_HIN_19752024-11-16General Book 
 Circulation section  532.56 HIN/1975Central Library, BUET39159  Central Library, BUET 2024-11-16 2025-09-03532_560000000000000_HIN_19752024-11-16General Book18